| 000 | 00803nam a2200277 a 4500 | ||
|---|---|---|---|
| 001 | 13294 | ||
| 003 | BD RJUL | ||
| 005 | 20211208235431.0 | ||
| 008 | 170530s1956 nyua 000 0 eng d | ||
| 020 | _aBD RJUL | ||
| 035 | _a(BD-RjUL) 13345 | ||
| 040 |
_aCCH _cCCH _dOCL _dBD RJUL _beng |
||
| 041 | _aeng | ||
| 082 |
_223 _a620. _bENG 1956 |
||
| 245 | 1 | 0 |
_aEngineering tables / _cEdited by Jesse Huckert. |
| 250 | _aFirst ed. | ||
| 260 |
_aNew York : _bMcGraw-Hill, _c1956. |
||
| 300 |
_avarious p. : _bill. ; _c27 cm. |
||
| 490 | 0 |
_aA.S.M.E. handbook, _v3 |
|
| 650 | 0 |
_aMetals. _941393 |
|
| 650 | 0 |
_aMachine design. _940060 |
|
| 650 | 0 |
_aMechanical engineering _vHandbooks, manuals, etc. _941394 |
|
| 700 |
_aHuckert., Jesse _9217094 |
||
| 830 |
_aA.S.M.E. handbook, _v3 _9217095 |
||
| 942 |
_2ddc _cBK |
||
| 999 |
_c13294 _d13294 |
||